KOHA-Header-6

Enterprise Resource Planning (Record no. 9869)

000 -LEADER
fixed length control field 00273nam a2200109Ia 4500
100 ## - MAIN ENTRY--AUTHOR NAME
Personal name Vinod Kumar Garg
245 #0 - TITLE STATEMENT
Title Enterprise Resource Planning
260 ## - PUBLICATION, DISTRIBUTION, ETC. (IMPRINT)
Place of publication New Delhi
Name of publisher Prentice Hall
Year of publication 2003
300 ## - PHYSICAL DESCRIPTION
Number of Pages 376
942 ## - ADDED ENTRY ELEMENTS (KOHA)
Koha item type Books
Holdings
Withdrawn status Lost status Collection code Permanent Location Current Location Shelving location Date acquired Full call number Accession Number Koha item type
    Management MAJU MAJU   2019-09-14 658.45 5879 Management

Powered by Koha